Statistics for Top 100 "F" Baby Boy Names - USA 2022

Click here to take the quiz!

General Stats

  • This quiz has been taken 90 times
  • The average score is 33 of 100

Answer Stats

Answer% Correct
Frank
97%
Fred
95%
Frederic
94%
Frederick
94%
Fredrick
94%
Fredrik
94%
Fin
89%
Finn
89%
Francis
88%
Freddie
86%
Freddy
86%
Frankie
77%
Franky
77%
Felix
70%
Franklin
70%
Franklyn
70%
Finlay
68%
Finlee
68%
Finley
68%
Finnley
68%
Findlay
67%
Fernando
62%
Francesco
61%
Francisco
61%
Fabian
59%
Flynn
58%
Forrest
55%
Ferdinand
48%
Filip
47%
Fabio
45%
Finnegan
45%
Finnigan
45%
Ford
42%
Fallon
38%
Fletcher
38%
Fox
38%
Foxx
38%
Franco
38%
Felipe
35%
Floyd
35%
Forest
33%
Foster
33%
Fergus
32%
Fares
29%
Faris
29%
Ferris
29%
Florian
26%
Fraser
26%
Frazier
26%
Finneas
24%
Flint
24%
Fenix
23%
Fenyx
23%
Fischer
23%
Fisher
23%
Fenton
18%
Federico
17%
Fitz
17%
Franz
17%
Fritz
17%
Fitzgerald
15%
Falcon
14%
Fidel
14%
Fulton
14%
Finch
11%
Finnick
9%
Fionn
9%
Flavio
9%
Freeman
9%
Fabricio
8%
Findley
8%
Fowler
8%
Fabrizio
6%
Faisal
6%
Farid
6%
Finnian
6%
Fitzpatrick
6%
Fortune
6%
Friedrich
6%
Fadi
5%
Fredy
5%
Farhan
3%
Fermin
3%
Freedom
3%
Future
3%
Fahad
2%
Fausto
2%
Favian
2%
Fenrir
2%
Finnlee
2%
Faheem
0%
Fahim
0%
Faizan
0%
Fateh
0%
Fields
0%
Finan
0%
Finnan
0%
Fintan
0%
Fishel
0%

Score Distribution

Percentile by Number Answered

Percent of People with Each Score

Your Score History

You have not taken this quiz